Loading...
| Philosophy | 0 | 3 | 0 | 1 | 30 | 84 | 97.00 | 0 | 3 | 3.40 | 15.63 |
| History - World | 0 | 3 | 0 | 0 | 30 | 50 | 85.67 | 0 | 2 | 5.75 | 15.00 |
| Religion | 0 | 3 | 0 | 0 | 30 | 74 | 99.00 | 1 | 3 | 5.12 | 17.50 |
| History - American | 0 | 3 | 1 | 0 | 25 | 52 | 74.00 | 1 | 2 | 9.13 | 15.00 |
| History - Other | 0 | 3 | 1 | 1 | 25 | 93 | 103.67 | 0 | 1 | 2.00 | 7.50 |
| Social Science | 0 | 2 | 0 | 0 | 20 | 66 | 73.00 | 1 | 2 | 6.54 | 25.00 |
| Geography | 0 | 2 | 0 | 1 | 20 | 69 | 91.00 | 0 | 1 | 8.40 | 20.00 |
| Popular Culture | 0 | 2 | 0 | 0 | 20 | 43 | 59.00 | 1 | 2 | 16.04 | 29.17 |
| Fine Arts - Classical Music | 0 | 2 | 0 | 1 | 20 | 64 | 92.00 | 0 | 1 | 4.13 | 10.00 |
| Science - Biology | 0 | 2 | 1 | 0 | 15 | 48 | 50.00 | 1 | 2 | 10.18 | 15.00 |
| Current Events | 0 | 1 | 0 | 0 | 10 | 91 | 91.00 | 0 | 0 | 3.94 | 6.25 |
| Fine Arts - Other | 0 | 1 | 0 | 0 | 10 | 98 | 98.00 | 0 | 1 | 2.28 | 5.00 |
| History - European | 0 | 1 | 0 | 1 | 10 | 98 | 98.00 | 0 | 0 | 0.00 | 2.50 |
| Literature - American | 0 | 1 | 0 | 0 | 10 | 82 | 82.00 | 0 | 1 | 2.93 | 5.00 |
| Mythology | 0 | 1 | 0 | 0 | 10 | 81 | 81.00 | 0 | 1 | 2.83 | 5.00 |
| Science - Physics | 0 | 1 | 0 | 0 | 10 | 66 | 66.00 | 0 | 1 | 3.89 | 2.50 |
| Science - Chemistry | 0 | 1 | 1 | 0 | 5 | 78 | 78.00 | 0 | 0 | 1.61 | 2.50 |
| Science - Other | 0 | 1 | 1 | 0 | 5 | 78 | 78.00 | 0 | 0 | 2.97 | 2.50 |
| Fine Arts - Painting and Sculpture | 0 | 0 | 1 | 0 | -5 | 0.00 | 0 | 0 | 0.00 | 0.00 | |
| Literature - World | 0 | 0 | 1 | 0 | -5 | 0.00 | 0 | 0 | 0.00 | 0.00 |